Hauptstädte, die mit "Port" beginnen - Statistiken

Allgemein
  • Dieses Quiz wurde 258 mal gespielt
  • Das Durchschnittsergebnis liegt bei 4 aus 6
Antwortstatistiken
Hauptstädte % Korrekt
Port Moresby
84%
Port-au-Prince
83%
Port of Spain
76%
Port Louis
70%
Porto-Novo
62%
Port Vila
59%
Keine übereinstimmenden Quizze gefunden
Verteilung der Resultate
Anzahl Personen mit jedem Resultat
Perzentil nach korrekt beantworteten Fragen
Ihre Resultats-Entwicklung
Sie haben dieses Quiz noch nicht gespielt